| 000 -LEADER |
| fixed length control field |
01247cam a2200313 i 4500 |
| 001 - CONTROL NUMBER |
| control field |
(Sirsi) a1030898 |
| 003 - CONTROL NUMBER IDENTIFIER |
| control field |
OSt |
| 005 - DATE AND TIME OF LATEST TRANSACTION |
| control field |
20190612152214.0 |
| 008 - FIXED-LENGTH DATA ELEMENTS--GENERAL INFORMATION |
| fixed length control field |
170522r20102005nyua e b 001 0 eng d |
| 020 ## - INTERNATIONAL STANDARD BOOK NUMBER |
| International Standard Book Number |
9781591027713 |
| Qualifying information |
(paperback) : |
| 020 ## - INTERNATIONAL STANDARD BOOK NUMBER |
| International Standard Book Number |
1591027713 |
| Qualifying information |
(paperback) : |
| 040 ## - CATALOGING SOURCE |
| Original cataloging agency |
JSE |
| Language of cataloging |
eng |
| Transcribing agency |
JSE |
| Modifying agency |
OCLCQ |
| -- |
BDX |
| -- |
DEBBG |
| -- |
OCLCF |
| -- |
OCLCO |
| -- |
OCLCQ |
| -- |
OCLCO |
| -- |
IPL |
| -- |
TAE |
| Description conventions |
rda |
| 042 ## - AUTHENTICATION CODE |
| Authentication code |
nbic |
| 082 0# - DEWEY DECIMAL CLASSIFICATION NUMBER |
| Classification number |
540 COB |
| 100 1# - MAIN ENTRY--PERSONAL NAME |
| Personal name |
Cobb, Cathy, |
| Relator term |
author. |
| 245 14 - TITLE STATEMENT |
| Title |
The joy of chemistry : |
| Remainder of title |
the amazing science of familiar things / |
| Statement of responsibility, etc. |
Cathy Cobb & Monty L. Fetterolf. |
| 264 #1 - PRODUCTION, PUBLICATION, DISTRIBUTION, MANUFACTURE, AND COPYRIGHT NOTICE |
| Place of production, publication, distribution, manufacture |
Amherst, N.Y. : |
| Name of producer, publisher, distributor, manufacturer |
Prometheus Books, |
| Date of production, publication, distribution, manufacture, or copyright notice |
2010. |
| 264 #4 - PRODUCTION, PUBLICATION, DISTRIBUTION, MANUFACTURE, AND COPYRIGHT NOTICE |
| Date of production, publication, distribution, manufacture, or copyright notice |
©2005. |
| 300 ## - PHYSICAL DESCRIPTION |
| Extent |
393 pages : |
| Other physical details |
illustrations ; |
| Dimensions |
24 cm. |
| 336 ## - CONTENT TYPE |
| Content type term |
text |
| Content type code |
txt |
| Source |
rdacontent. |
| 337 ## - MEDIA TYPE |
| Media type term |
unmediated |
| Media type code |
n |
| Source |
rdamedia. |
| 338 ## - CARRIER TYPE |
| Carrier type term |
volume |
| Carrier type code |
nc |
| Source |
rdacarrier. |
| 500 ## - GENERAL NOTE |
| General note |
Reprint. Originally published: 2005. |
| 504 ## - BIBLIOGRAPHY, ETC. NOTE |
| Bibliography, etc. note |
Includes bibliographical references (pages 349-353) and index. |
| 520 ## - SUMMARY, ETC. |
| Summary, etc. |
Written for lay readers, provides an introduction to the principles of chemistry and includes quotations from popular literature to show how chemistry and everyday life intertwine. |
| 650 #0 - SUBJECT ADDED ENTRY--TOPICAL TERM |
| Topical term or geographic name entry element |
Chemistry |
| Form subdivision |
Popular works. |
| 700 1# - ADDED ENTRY--PERSONAL NAME |
| Personal name |
Fetterolf, Monty L., |
| Relator term |
author. |
| 942 ## - ADDED ENTRY ELEMENTS (KOHA) |
| Source of classification or shelving scheme |
|
| Koha item type |
Books |